|
|
|
|
| LEADER |
00000nab a2200000 a 4500 |
| 001 |
vtls000521784 |
| 003 |
SK-MaSNL |
| 005 |
20260305034725.0 |
| 008 |
250425c1994 xo 0 slo |
| 015 |
|
|
|a SNBRB19rr/mm-uuuuu
|
| 035 |
|
|
|a CL0521922
|
| 035 |
|
|
|a urn:nbn:sk:snk-abaloy
|
| 035 |
|
|
|a (urnnbn)urn:nbn:sk:snk:ar-007uy1
|
| 035 |
|
|
|a (uuid)228b25c1-d855-4304-b382-75cd524bc5f9
|
| 040 |
|
|
|a SNKBUCL
|b slo
|c SNKBUCL
|e AACR2
|
| 041 |
0 |
|
|a cze
|
| 044 |
|
|
|a xo
|c SK
|
| 080 |
|
|
|a 616.33/.35:615.331
|2 1981
|
| 080 |
|
|
|a 615.331
|2 1981
|
| 100 |
1 |
|
|a Kocián, J.
|4 aut
|9 936733
|
| 245 |
1 |
0 |
|a Použizí laktobacilů v gastroenterologii
|c J. Kocián, P. Synek
|
| 300 |
|
|
|b Grafy 2, tab. 1, res., angl., čes., lit. 17 zázn. v angl., češ.
|
| 650 |
0 |
7 |
|a gastroenterológia
|2 snkbucl
|9 1164
|
| 650 |
0 |
7 |
|a laktobacily
|2 snkbucl
|9 16113
|
| 655 |
|
7 |
|a články z novín a časopisov
|2 snkbucl
|9 267496
|
| 700 |
1 |
|
|a Synek, P.
|4 aut
|9 1616563
|
| 773 |
0 |
|
|t Česká a slovenská gastroenterologie
|g Roč. 48, č. 4 (1994), s. 173-178
|x 1210-7824
|
| 850 |
|
|
|a Slovenská národná knižnica
|
| 852 |
|
|
|a Slovenská národná knižnica
|
| 954 |
|
|
|a odborná, vedecká literatúra cudzojazyčná (svetová)
|2 lita
|
| 958 |
|
|
|a article14
|
| 958 |
|
|
|a NB
|
| 958 |
|
|
|a RK
|
| 958 |
|
|
|a MI
|
| 958 |
|
|
|a OND
|
| 958 |
|
|
|a EUIPO
|
| 992 |
|
|
|a RBX
|
| 999 |
|
|
|c 3330439
|d 3332369
|